[Event "Krasnodar Winter A Rating"]
[Site "Krasnodar"]
[Date "2011.01.30"]
[Round "10"]
[White "Sluzhilov, Aleksandr"]
[Black "Zhukov, Evgeny N"]
[Result "0-1"]
[WhiteElo "2041"]
[BlackElo "1976"]
[PlyCount "80"]
[EventDate "2011.01.24"]
[EventType "tourn"]
[EventRounds "13"]
[EventCountry "RUS"]
[SourceTitle "EXT 2022"]
[Source "ChessBase"]
[SourceDate "2021.10.06"]
[SourceVersion "1"]
[SourceVersionDate "2021.10.06"]
[SourceQuality "1"]

1. e4 c5 2. Nf3 e6 3. d4 cxd4 4. Nxd4 a6 5. Bd3 Nf6 6. 0-0 Qc7 7. Be3 Nc6 8. Nxc6 bxc6 9. c4 Rb8 10. Qe2 c5 11. Nc3 Be7 12. f4 d6 13. Bf2 Bb7 14. e5 Nd7 15. Bg3 g6 16. Rae1 0-0 17. b3 Qa5 18. Qc2 Rfe8 19. h4 Nf8 20. h5 Rbd8 21. exd6 Bf6 22. Nd1 Bd4+ 23. Kh2 f5 24. hxg6 hxg6 25. Bf2 Rxd6 26. Bxd4 Rxd4 27. Re3 Qc7 28. Qf2 Red8 29. Qg3 R8d7 30. Nb2 Qd8 31. Kg1 Qf6 32. Re5 Rh7 33. Rxc5 Rh4 34. Re5 Rg4 35. Qh3 Rxg2+ 36. Qxg2 Bxg2 37. Kxg2 g5 38. Re2 Rxf4 39. Rxf4 gxf4 40. Kf1 Qd4 0-1